| 000 | 00571nam a2200169 i 4500 | ||
|---|---|---|---|
| 001 | 34671 | ||
| 003 | ES-MaACL | ||
| 005 | 20230906154957.0 | ||
| 007 | t| | ||
| 008 | 030207s1946 sp ||||1| spa d | ||
| 100 | 1 |
_aBonet, Juan ( _d1918-1991) _9147348 |
|
| 245 | 1 | 3 |
_aEl discutido indiscutible Jardiel Poncela _b: los que le ensalzan, los que le menosprecian y los que le imitan / _cJuan Bonet Gelabert. |
| 260 |
_aMadrid : _bBiblioteca Nueva, _c1946. |
||
| 300 |
_a251 p. ; _c19 cm. |
||
| 600 | 0 | 4 |
_aJardiel Poncela, Enrique. _966113 |
| 852 |
_aES-MaACL _jF-392 _bR.23377 |
||
| 999 |
_c34671 _d34671 |
||